Koniec izolácie Albánskej republiky

Bibliographic Details
Main Author: Dolinay, Ján (Author)
Format: Article
Language:Slovak
PhysicalDescription:Fotogr., mp.
ISSN:1335-0463
Subjects:

MARC

LEADER 00000nab a2200000 a 4500
001 vtls000808222
003 SK-MaSNL
005 20260304112335.0
008 250429c2002 xo 0 slo
015 |a SNBRB2002/10-30629 
035 |a CLN000159877 
035 |a urn:nbn:sk:snk-ab1hje 
035 |a (urnnbn)urn:nbn:sk:snk:ar-003tt5 
035 |a (uuid)42bb840c-39ee-49d3-a2cf-03eddd9a33bd 
040 |a SNKBUCL  |b slo  |c SNKBUCL  |e AACR2 
041 0 |a slo 
044 |a xo  |c SK 
080 |a 355.311.1(496.5)  |2 1997 
100 1 |a Dolinay, Ján  |4 aut  |9 268400 
245 1 0 |a Koniec izolácie Albánskej republiky  |c Ján Dolinay 
300 |b Fotogr., mp. 
651 7 |a Albánsko  |2 snkbucl  |9 20374 
655 7 |a články z novín a časopisov  |2 snkbucl  |9 267496 
773 0 |t Armáda  |g Roč. 10, č. 6 (2002), s. 10-11  |x 1335-0463 
850 |a Slovenská národná knižnica 
852 |a Slovenská národná knižnica 
954 |a odborná, vedecká literatúra pôvodná (slovenská)  |2 lita 
958 |a article2022 
958 |a AL 
958 |a OND 
958 |a EUIPO 
992 |a RBX 
999 |c 2865413  |d 2867343